| 000 | 01444nam a2200349 c 4500 | ||
|---|---|---|---|
| 003 | BLK | ||
| 005 | 20180422112706.0 | ||
| 008 | 180410b bul|||||r ||||||| ||bul|| | ||
| 010 | _aKNG00152544000 | ||
| 040 | _aBLK | ||
| 041 |
_aBUL _cBUL |
||
| 080 |
_aРуска литература _b821.161.1 _x-93-1 _z821.161.1-93-1 |
||
| 100 | 1 |
_aМаршак, Самуел _eпърви автор _9329177 |
|
| 700 | 1 |
_aЕтърски, Стоян _eпрев. от рус. _9380089 |
|
| 700 | 1 |
_aДонев, Доньо _eхудож. _9370867 |
|
| 700 | 1 |
_aМаршак, Самуил Яковлевич _e* _9376552 |
|
| 139 |
_aМаршак, Самуил Яковлевич _bМ 36 |
||
| 245 | 1 | 0 |
_aОт едно до десет _bВесело смятане _cСамуел Маршак; прев. от рус. Стоян Етърски; худож. Доньо Донев; * Самуил Яковлевич Маршак. |
| 257 | _aSUN | ||
| 260 |
_аСофия _bНар. младеж _c1962 |
||
| 300 |
_a16 с. _bс ил. _c16 см |
||
| 380 | _aDX | ||
| 500 | _a100 100 тир. | ||
| 653 | _aдетска литература | ||
| 653 | _aлитература за деца | ||
| 653 | _aстихотворения за деца | ||
| 852 | _aЦб І 35265 | ||
| 856 | 4 |
_qpdf _u |
|
| 856 | 4 |
_qpdf _u |
|
| 942 |
_cKNG _n0 |
||
| 944 |
_aCR _c26.10.2013 _l26.10.2013 - от С1,Р / 26.10.2013 _kГергана_Михайлова |
||
| 944 |
_aED _c26.10.2013 _l26.10.2013 - от С1,Р / 26.10.2013 _k |
||
| 999 |
_c146357 _d146357 |
||